000 00529nam a2200169 a 4500
001 000047626
005 20201002060638.0
008 130708s2017 dr 000 0 spa d
020 _a9789945909906
040 _aDO-SdBNP
_bspa
_cBNPHU
082 _axxx
_bV712s
100 1 _aVilla Rosa, David
_933535
245 1 0 _aSi dejas de soñar, morirás /
_cDavid Villa Rosa.
260 _aTenares, provincia Hermanas Mirabal, República Dominicana :
_bPapelmaché,
_c2017.
300 _a84 p. ;
_c23 cm.
590 _aInventariado, 2018/ YL
999 _c47114
_d47114